ბათუმის შოთა რუსთაველის სახელმწიფო უნივერსიტეტის ბიბლიოთეკა

Международное налогообложение (ბიბ.ჩანაწერი № 36945)

000 -LEADER
fixed length control field 00713nam a2200229Ia 4500
001 - CONTROL NUMBER
control field 2896
003 - CONTROL NUMBER IDENTIFIER
control field GE_BSU
008 - FIXED-LENGTH DATA ELEMENTS--GENERAL INFORMATION
fixed length control field 181216s||||||||xx |||||||||||||| ||und||
020 ## - INTERNATIONAL STANDARD BOOK NUMBER
International Standard Book Number 5851710217
040 ## - CATALOGING SOURCE
Transcribing agency GE_BSU
080 ## - UNIVERSAL DECIMAL CLASSIFICATION NUMBER
Universal Decimal Classification number 339+336:02
245 ## - TITLE STATEMENT
Title Международное налогообложение
245 ## - TITLE STATEMENT
Remainder of title International Taxation in a Nutshell:Краткий курс
245 ## - TITLE STATEMENT
Statement of responsibility, etc. перевод английского. гл. ред. изд-во Н. Д. Эриашвили
260 ## - PUBLICATION, DISTRIBUTION, ETC.
Place of publication, distribution, etc. Москва
260 ## - PUBLICATION, DISTRIBUTION, ETC.
Name of publisher, distributor, etc. Юнити
260 ## - PUBLICATION, DISTRIBUTION, ETC.
Date of publication, distribution, etc. 1997
300 ## - PHYSICAL DESCRIPTION
Extent 375 с. 20 см.
653 ## - INDEX TERM--UNCONTROLLED
Uncontrolled term Международное налогообложение
942 ## - ADDED ENTRY ELEMENTS (KOHA)
Koha item type წიგნი
ეგზემპლარები
Withdrawn status Lost status Damaged status Not for loan Date acquired Barcode Date last seen Price effective from Koha item type Public note
        2018-12-17 7895 2018-12-17 2018-12-17 წიგნი დარბაზი
        2018-12-17 7896 2018-12-17 2018-12-17 წიგნი დარბაზი